NFL Cincinnati Bengals 2022-2023 Active Roster - Statistics

General Stats
  • This quiz has been taken 968 times
  • The average score is 26 of 62
Answer Stats
Hint Answer % Correct
QB Joe Burrow
100%
WR Ja'Marr Chase
95%
RB Joe Mixon
94%
WR Tee Higgins
92%
WR Tyler Boyd
87%
RB Samaje Perine
71%
DE Trey Hendrickson
71%
TE Hayden Hurst
69%
K Evan McPherson
67%
FS Jessie Bates III
67%
CB Eli Apple
62%
DE Sam Hubbard
61%
DT BJ Hill
57%
FS Dax Hill
56%
T Jonah Williams
55%
RB Trayveon Williams
55%
QB Brandon Allen
54%
LB Logan Wilson
54%
C Trey Hill
54%
SS Brandon Wilson
51%
DT DJ Reader
50%
SS Von Bell
49%
LB Germaine Pratt
48%
WR Trent Taylor
48%
G Alex Cappa
47%
CB Chibode Awuzie
47%
TE Drew Sample
46%
C Ben Brown
45%
DE Cam Sample
45%
RB Chris Evans
44%
CB Cam Taylor-Britt
43%
CB Mike Hilton
43%
T La'el Collins
41%
C Ted Karras
40%
T D'Ante Smith
36%
P Kevin Huber
36%
G Cordell Volson
34%
DE Joseph Ossai
34%
SS Michael Thomas
32%
WR Mike Thomas
31%
CB Jalen Davis
29%
LB Akeem Davis-Gaither
28%
TE Mitchell Wilcox
28%
G Jackson Carman
25%
LS Clark Harris
22%
LB Clay Johnson
22%
CB Tre Flowers
22%
WR Stanley Morgan
21%
T Hakeem Adeniji
20%
LB Markus Bailey
17%
LB Joe Bachie
16%
G Max Scharping
16%
TE Devin Asiasi
15%
DT Zach Carter
15%
DT Josh Tupou
14%
SS Tycen Anderson
14%
C Cal Adomitis
12%
T Isaiah Prince
11%
DT Jay Tufele
11%
DE Jeff Gunter
9%
DE Khalid Kareem
3%
G Desmond Noel
2%
No matching quizzes found
Score Distribution
Percent of People with Each Score
Percentile by Number Answered
Your Score History
You have not taken this quiz